<?xml version="1.0" encoding="UTF-8"?><?xml-stylesheet type="text/xsl" href="static/style.xsl"?><OAI-PMH xmlns="http://www.openarchives.org/OAI/2.0/" xmlns:xsi="http://www.w3.org/2001/XMLSchema-instance" xsi:schemaLocation="http://www.openarchives.org/OAI/2.0/ http://www.openarchives.org/OAI/2.0/OAI-PMH.xsd"><responseDate>2026-04-27T21:26:36Z</responseDate><request verb="GetRecord" identifier="oai:riubu.ubu.es:10259/10222" metadataPrefix="marc">https://riubu.ubu.es/oai/request</request><GetRecord><record><header><identifier>oai:riubu.ubu.es:10259/10222</identifier><datestamp>2025-02-14T23:00:51Z</datestamp><setSpec>com_10259_2699</setSpec><setSpec>col_10259_2709</setSpec></header><metadata><record xmlns="http://www.loc.gov/MARC21/slim" xmlns:doc="http://www.lyncode.com/xoai" xmlns:xsi="http://www.w3.org/2001/XMLSchema-instance" xmlns:dcterms="http://purl.org/dc/terms/" xsi:schemaLocation="http://www.loc.gov/MARC21/slim http://www.loc.gov/standards/marcxml/schema/MARC21slim.xsd">
<leader>00925njm 22002777a 4500</leader>
<datafield tag="042" ind1=" " ind2=" ">
<subfield code="a">dc</subfield>
</datafield>
<datafield tag="720" ind1=" " ind2=" ">
<subfield code="a">Pereda Mirabal, Ana María</subfield>
<subfield code="e">author</subfield>
</datafield>
<datafield tag="260" ind1=" " ind2=" ">
<subfield code="c">2024</subfield>
</datafield>
<datafield tag="520" ind1=" " ind2=" ">
<subfield code="a">La  tesis se desarrolla en el marco del Convenio de Cotutela firmado entre las Universidades de Burgos y La Habana. La investigación tiene como objeto de estudio dos límites al derecho de autor, a saber: las excepciones en favor de bibliotecas y el nuevo límite de minería de textos y datos.  Respondiendo a las exigencias metodológicas del Convenio el informe sistematiza el trabajo realizado por la investigadora durante dos períodos. El primero, comprendido entre los años 2020-2021, analiza las limitaciones al derecho de autor en favor de bibliotecas en el sistema jurídico cubano, con referencias a específicos aspectos doctrinales, normativos y jurisprudenciales de España que permiten examinar la realidad de Cuba con mayor solidez, objetividad y crítica constructiva. El segundo desarrollado en España entre los años 2022-2024 estudia el límite de minería de textos y datos. El examen aborda aspectos técnicos de la actividad minera hasta focalizar el estudio en el nuevo límite TDM en la Directiva del Mercado Único Digital y su transposición en España. Bajo esta concepción jurídico -comparada se establecen tres centros de interés en la investigación. El primero, encaminado a sistematizar nociones básicas y principios rectores del derecho de autor en el nuevo contexto tecnológico con la intención de guiar el estudio de lo general a lo particular y, establecer las bases de los constructos que se formulan a posteriori sobre el objeto de estudio. El segundo enfocado en el estudio técnico-jurídico de las limitaciones al derecho de autor en favor de bibliotecas y la TDM, sin desconocer que el centro de toda actividad creadora es el autor y por ello el sacrificio exigido debe ser mínimo y debidamente justificado. Y el tercero orientado a establecer las pautas que, en criterio de la autora, deben seguir las normas al momento de regular las limitaciones objeto de estudio.  El abordaje de los referentes teóricos y normativos de ambas excepciones, a la luz de los sistemas de inteligencia artificial y las demandas del mercado único digital, permitió fundamentar una propuesta de lege ferenda para la reforma del sistema de límites en favor de bibliotecas y de TDM en Cuba, objetivo fundamental de la investigación.</subfield>
</datafield>
<datafield tag="024" ind2=" " ind1="8">
<subfield code="a">http://hdl.handle.net/10259/10222</subfield>
</datafield>
<datafield tag="024" ind2=" " ind1="8">
<subfield code="a">10.36443/10259/10222</subfield>
</datafield>
<datafield ind1=" " ind2=" " tag="653">
<subfield code="a">Derecho de autor</subfield>
</datafield>
<datafield ind1=" " ind2=" " tag="653">
<subfield code="a">Excepciones en favor de bibliotecas</subfield>
</datafield>
<datafield ind1=" " ind2=" " tag="653">
<subfield code="a">Minería de textos y datos</subfield>
</datafield>
<datafield ind1=" " ind2=" " tag="653">
<subfield code="a">Mercado único digital</subfield>
</datafield>
<datafield ind1=" " ind2=" " tag="653">
<subfield code="a">Sistemas de inteligencia artificial</subfield>
</datafield>
<datafield tag="245" ind1="0" ind2="0">
<subfield code="a">Límites al derecho de autor en favor de bibliotecas y minería de textos y datos: estudio comparado desde Cuba y España</subfield>
</datafield>
</record></metadata></record></GetRecord></OAI-PMH>